01366cam a2200349 i 450000100090000000300090000900500170001800800410003502000180007603500240009404000780011808200210019610000600021724500990027725000190037626400480039526400100044330000600045333600260051333600330053933700280057233800270060065000340062765000320066165000340069365300220072765500240074990600450077394200120081899900170083095201690084721210771EG-ScBUE20211216151240.0190919t2020 caua f 000 0 eng d a9781681985749 a(OCoLC)on1137822027 aYDXbengerdacYDXdBDXdOCLCQdSINLBdYDXITdOCLCOdOCLCFdDLCdEG-ScBUE04a778.936bNEI2221 aNeill, Williamc(Photographer),eauthor,ephotographer.10aLight on the landscape :bphotographs and lessons from a life in photography /cWilliam Neill. aFirst edition. 1aSan Rafael, CA :bRocky Nook, Inc.,c[2020] 4cc2020 axv, 274 pages :billustrations (chiefly color) ;c26 cm atextbtxt2rdacontent astill imagebsti2rdacontent aunmediatedbn2rdamedia avolumebnc2rdacarrier 7aLandscape photography.2BUEsh 7aOutdoor photography.2BUEsh 7aPhotography, Artistic.2BUEsh bARTcDecember2021 vReading book934232 a7bcbcccopycatd2encipf20gy-gencatlg 2ddccBB c29724d29695 00102ddc40708BaccahaMAINbMAINc2NDd2021-12-16ePurchaseg720.00h36272l2m1o778.936 NEIp000056051r2025-07-15 00:00:00s2024-02-15v900.00w2021-12-16yBB